000 00659nam a2200217 i 4500
001 147201
003 ES-MaACL
005 20240229063321.0
007 t|
008 070924s1967 sp ||||1| spa d
080 _a86 Machado, Antonio 1.06
080 _a929 Machado, Antonio
100 0 _aTuñón de Lara, Manuel,
_d1915-1997
_9111681
245 1 0 _aAntonio Machado, poeta del pueblo /
_cManuel Tuñón de Lara.
250 _a[1ª ed.].
260 _aBarcelona :
_bNova Terra,
_c[1967]
300 _a371 p. ;
_c19 cm.
600 1 4 _aMachado, Antonio,
_d1875-1939
_975151
852 _aES-MaACL
_jC-33347
_bR.63396
999 _c147201
_d147201